Business law (Record no. 108052)

MARC details
000 -LEADER
fixed length control field 00719cam a22002295a 4500
001 - CONTROL NUMBER
control field L143068
008 - FIXED-LENGTH DATA ELEMENTS--GENERAL INFORMATION
fixed length control field 080407s2008 xxk f 000 0 eng d
020 ## - INTERNATIONAL STANDARD BOOK NUMBER
International Standard Book Number 9781405872942
035 ## - SYSTEM CONTROL NUMBER
System control number (Sirsi) u143068
041 0# - LANGUAGE CODE
Language code of text/sound track or separate title eng
050 04 - LIBRARY OF CONGRESS CALL NUMBER
Classification number 346.41066 $2 18
100 1# - MAIN ENTRY--PERSONAL NAME
Personal name MacIntyre, Ewan
245 00 - TITLE STATEMENT
Title Business law
260 ## - PUBLICATION, DISTRIBUTION, ETC.
Place of publication, distribution, etc. Harlow
Name of publisher, distributor, etc. Pearson Education
Date of publication, distribution, etc. 2008
300 ## - PHYSICAL DESCRIPTION
Extent lv, 858p.
Dimensions 25cm.
520 ## - SUMMARY, ETC.
Summary, etc. An introduction to business law, brought up to date to take account of the Companies Act 2006. Includes multiple choice questions and learning aids to test comprehension.
521 ## - TARGET AUDIENCE NOTE
Target audience note Introductory
590 ## - LOCAL NOTE (RLIN)
Local note KA
651 #4 - SUBJECT ADDED ENTRY--GEOGRAPHIC NAME
Geographic name United Kingdom
Chronological subdivision
690 ## - LOCAL SUBJECT ADDED ENTRY--TOPICAL TERM (OCLC, RLIN)
Topical term or geographic name as entry element MANAGEMENT-BUSINESS MANAGEMENT
942 ## - ADDED ENTRY ELEMENTS (KOHA)
Suppress in OPAC 0
Holdings
Withdrawn status Lost status Source of classification or shelving scheme Damaged status Not for loan Home library Current library Shelving location Date acquired Cost, normal purchase price Total Checkouts Full call number Barcode Date last seen Copy number Cost, replacement price Price effective from Koha item type
    Dewey Decimal Classification     London London Books 25/04/2008 34.99   346.41066 MAC 30074623 06/08/2019 1 34.99 06/08/2019 Book